Best Player On Each MLB Team 2023 - Statistics

General Stats
  • This quiz has been taken 546 times
  • The average score is 16 of 30
Answer Stats
Team Player % Correct
Yankees Aaron Judge
99%
Angels Shohei Ohtani
99%
Dodgers Mookie Betts
94%
Cardinals Nolan Arenado
92%
Padres Manny Machado
91%
Braves Ronald Acuna Jr.
90%
Astros Jose Altuve
89%
Guardians Jose Ramirez
89%
Blue Jays Vladimir Guerrero Jr.
86%
Mariners Julio Rodriguez
85%
Rangers Jacob deGrom
82%
Phillies Trea Turner
80%
Red Sox Rafael Devers
75%
Marlins Sandy Alcantara
72%
Mets Pete Alonso
62%
Twins Byron Buxton
56%
Rays Wander Franco
54%
Brewers Corbin Burnes
50%
Tigers Javier Baez
43%
Reds Joey Votto
40%
Rockies Kris Bryant
36%
Orioles Adley Rutschman
11%
Royals Bobby Witt Jr.
8%
White Sox Luis Robert
7%
Giants Logan Webb
6%
Cubs Dansby Swanson
5%
Pirates Oneil Cruz
5%
Nationals CJ Abrams
4%
Diamondbacks Corbin Carroll
4%
Athletics Seth Brown
4%
No matching quizzes found
Score Distribution
Percent of People with Each Score
Percentile by Number Answered
Your Score History
You have not taken this quiz